00404pab a2200133 454500008003600000100002000036245008500056300001400141650002800155650002300183650001300206700001900219773003200238180718b xxu||||| |||| 00| 0 eng d aMallikarjun, M. aEconomic reforms and technical efficiency: a study of selected Indian industries ap.559-68. aEconomic reform - India aIndia - Industries aIndustry aThakar, Kasyap aIndian Journal of Economics